| 000 | 00478nam a2200181Ia 4500 | ||
|---|---|---|---|
| 008 | 240925s9999 xx 000 0 und d | ||
| 020 | _a9788120305502 | ||
| 082 | _a512 POT | ||
| 100 | _aPotter ,Merle C.; Goldberg, Jack | ||
| 245 | 0 | _aMathematical Methods | |
| 250 | _a2nd | ||
| 260 |
_aNew Delhi: _bPHI Learning _c,1987. |
||
| 300 |
_a875p. _bN.A _fPhotocopy |
||
| 500 | _aIncludes Index | ||
| 600 | _aHumanities & Natural Science | ||
| 650 | _aMathematics | ||
| 942 | _cBK | ||
| 999 |
_c11270 _d11270 |
||